| 000 | 00727nam a22002412a 4500 | ||
|---|---|---|---|
| 999 |
_c6007 _d6007 |
||
| 001 | 6007 | ||
| 003 | Bd-JhCC | ||
| 005 | 20171231180456.0 | ||
| 008 | 500101r19591962enka 001 0 eng d | ||
| 035 | _a(BD-JhCC)6007 | ||
| 040 |
_aVYL _cVYL _dUKM _dEQO _dBD-JhCC |
||
| 041 | _aeng | ||
| 082 |
_a372.72044 _218 |
||
| 090 |
_aQA135.5 _b.D68 1958 |
||
| 100 | 1 | _aDownes, Leonard William. | |
| 245 | 1 | 4 |
_aThe teaching of arithmetic in primary schools / _cby L. W. Downes and D. Paling |
| 260 |
_aOxford University Press : _bLondon, _cc1962 |
||
| 300 |
_axii, 293 p. : _bill. ; _c22 cm |
||
| 500 | _aIncludes illustration | ||
| 650 | 0 |
_aArithmetic _xStudy and teaching (Primary) |
|
| 700 | 1 |
_aPaling, D. _q(Douglas) |
|
| 942 |
_2ddc _cBK |
||